کر ل )تا مل ا د ب کا ا خلا قی شا ہکا ر (Record no. 170127)
[ view plain ]
| 000 -LEADER | |
|---|---|
| fixed length control field | 00610nam a22001937a 4500 |
| 005 - DATE AND TIME OF LATEST TRANSACTION | |
| control field | 20191211115726.0 |
| 010 ## - LCCN (DPL NO) | |
| LC control number | A-678132 |
| 020 ## - INTERNATIONAL STANDARD BOOK NUMBER | |
| Terms of availability | 35.00 |
| International Standard Book Number | - |
| 035 ## - SYSTEM CONTROL NUMBER | |
| System control number | A-678132 |
| 037 ## - SOURCE OF ACQUISITION | |
| Source of stock number/acquisition | BPPD |
| 082 ## - DEWEY DECIMAL CLASSIFICATION NUMBER | |
| Classification number | 170 |
| 100 ## - MAIN ENTRY--PERSONAL NAME | |
| Personal name | تر وولو ر |
| 245 ## - TITLE STATEMENT | |
| Title | کر ل )تا مل ا د ب کا ا خلا قی شا ہکا ر |
| Statement of responsibility, etc | تر وولو ر |
| 246 ## - VARYING FORM OF TITLE | |
| Title proper/short title | Kurul (Tamil Literature) (Urdu) |
| Remainder of title | byTarulur |
| 260 ## - PUBLICATION, DISTRIBUTION, ETC. (IMPRINT) | |
| Place of publication, distribution, etc | N.Delhi |
| Date of publication, distribution, etc | 1965 ء |
| Name of publisher, distributor, etc | Sahity Acedemy |
| 270 ## - ADDRESS | |
| Address | 35-Ravender Bhawan,Firozshah Road |
| City | N.Delhi |
| Telephone number | - |
| Postal code | 110001 |
| 300 ## - PHYSICAL DESCRIPTION | |
| Extent | 152 ص |
| Dimensions | 22 cm(hb) |
| 942 ## - ADDED ENTRY ELEMENTS (KOHA) | |
| Source of classification or shelving scheme | Dewey Decimal Classification |
| Item type | Urdu Bks |
| Classification part | 170 |
| Call number suffix | ت ر و |
| Withdrawn status | Lost status | Not for loan | Collection code | Home library | Current library | Date acquired | Source of acquisition | Cost, normal purchase price | Full call number | Barcode | Copy number | Cost, replacement price | Koha item type |
|---|---|---|---|---|---|---|---|---|---|---|---|---|---|
| Non-fiction | Central Library | Central Library | 11/12/2019 | BPPD/Ven. | 35.00 | 170 ت ر و | A-678132 | 1 | 35.00 | Urdu Bks |
